Datum a čas kvízu
17.5
Celkem bodů
Celkový počet nahraných bodů na tomto kvízu bez doplňovacích otázek.
5.
Pořadí na kvízu
Konečné umístění týmu na tomto kvízu.
Zaznamenané odpovědi
| # | Otázka | Odpověď | Body | Výsledky |
|---|---|---|---|---|
| 1. | Ekonomka a bývalá rektorka brn... | Danuše Nerudová | 0 | |
| 2. | Do Venezuely dorazila bílá lví... | z Hodonína | 0 | |
| 3. | V neděli došlo v pařížském Lou... | dort | 1 | |
| 4. | Dvě velké banky se v České rep... | Komerční banka, Moneta | 0 | |
| 5. | Hokejista Jaromír Jágr předsta... | konopí | 0 | |
| 6. | V dalším díle této tematické s... | arapaima | 0 | |
| 7. | Merlík čilský je rostlina z če... | quinoa | 0 | |
| 8. | Tento pták je druhým největším... | harpyje | 0 | |
| 9. | Tato velká šelma je svým výsky... | jaguár | 1 | |
| 10. | Tato zelenina pochází z Jižní... | ačokča | 1 |